| 000 | 00944nas a2200301 4500 | ||
|---|---|---|---|
| 001 | BR2015002198 | ||
| 003 | BR-BrBNA | ||
| 005 | 20231205125259.0 | ||
| 007 | ta | ||
| 008 | 230509b bl.|||p| |||| 00| 00por d | ||
| 040 |
_aBR-BrBNA _bpor _cBiblioteca Nacional de Agricultura |
||
| 041 | _a(Pt) | ||
| 072 | _aF62; F02 | ||
| 100 | 1 | _aZandoná, A.P. | |
| 100 | 1 | _aFaria, R.T. de | |
| 100 | 1 | _aLone, A.B. | |
| 100 | 1 | _aHoshino, R.T. | |
| 245 | 1 | _aSubstratos alternativos ao esfagno na aclimatização de plântulas de Arundina graminifolia alba (Orchidaceae) | |
| 650 | _aORQUÍDEA | ||
| 650 | _aBAMBU | ||
| 650 | _aSUBSTRATO DE CULTURA | ||
| 650 | _aPLÂNTULA | ||
| 650 | _aETAPA DE DESENVOLVIMENTO DA PLANTA | ||
| 650 | _aESTUFA | ||
| 773 | 0 |
_tRevista Brasileira de Horticultura ornamental (Brazil) _xISSN 1809-6093 _g(2014), v. 20(1) p. 7-11 _wBR2015002198 |
|
| 909 |
_a202311 _bLúcia _c55 _dLúcia Elande |
||
| 942 |
_2AGRIS _n0 _cANA |
||
| 999 |
_c243586 _d243586 |
||